| 000 | 00552nam a2200217Ia 4500 | ||
|---|---|---|---|
| 003 | IIN | ||
| 005 | 20240201155214.0 | ||
| 008 | 231217s9999 xx 000 0 und d | ||
| 020 |
_cRs.550.00 _a8185605009 |
||
| 040 |
_aIIN _bEnglish |
||
| 082 |
_a610.730693 _bNAN |
||
| 100 | 1 | _aNancy, S.R. | |
| 245 | 1 |
_aPrinciples and Practice of Nursing _cS.R.Nancy |
|
| 250 | _a7th ed | ||
| 260 |
_bN.R.Brothers _aIndore _c2017 |
||
| 300 | _a[10],1-456p. | ||
| 440 | _vVol.1 | ||
| 650 | 1 |
_aFoundation _vNursing |
|
| 650 | 1 | _aNursing, Practice of | |
| 942 | _cBOOK | ||
| 999 |
_c1293 _d1293 |
||